Coming of age : (Record no. 36450)
[ view plain ]
| 000 -CABECERA | |
|---|---|
| campo de control de longitud fija | 00487nam a2200157 a 4500 |
| 001 - NÚMERO DE CONTROL | |
| campo de control | 000036960 |
| 005 - FECHA Y HORA DE LA ÚLTIMA TRANSACCIÓN | |
| campo de control | 20200930080041.0 |
| 008 - DATOS DE LONGITUD FIJA--INFORMACIÓN GENERAL | |
| campo de control de longitud fija | 120207s1973 xxu 000 0 spa d |
| 040 ## - FUENTE DE LA CATALOGACIÓN | |
| Centro catalogador/agencia de origen | DO-SdBNP |
| Lengua de catalogación | spa |
| Centro/agencia transcriptor | BNPHU |
| 082 ## - NÚMERO DE LA CLASIFICACIÓN DECIMAL DEWEY | |
| Número de clasificación | xxx |
| Número de documento/Ítem | xxx |
| 100 1# - ENTRADA PRINCIPAL--NOMBRE DE PERSONA | |
| Nombre de persona | Mccoy, Donald R. |
| 9 (RLIN) | 63350 |
| 245 10 - MENCIÓN DE TÍTULO | |
| Título | Coming of age : |
| Resto del título | the United States during the 1920`s and 1930`s / |
| Mención de responsabilidad, etc. | Donald R. Mccoy. |
| 260 ## - PUBLICACIÓN, DISTRIBUCIÓN, ETC. | |
| Lugar de publicación, distribución, etc. | Maryland : |
| Nombre del editor, distribuidor, etc. | Penguin Books, |
| Fecha de publicación, distribución, etc. | 1973. |
| 300 ## - DESCRIPCIÓN FÍSICA | |
| Extensión | 364 p. ; |
| Dimensiones | 19 cm. |
| 500 ## - NOTA GENERAL | |
| Nota general | Bibliografía : p. 335-364 |
| Estado de retiro | Estado de pérdida | Restricciones de uso | No para préstamo | Código de colección | Localización permanente | Ubicación/localización actual | Ubicación en estantería | Fecha de adquisición | Número de inventario | Total de préstamos | Signatura topográfica completa | Código de barras | Fecha visto por última vez | Precio válido a partir de | Tipo de ítem Koha |
|---|---|---|---|---|---|---|---|---|---|---|---|---|---|---|---|
| Monografías: Libros y Folletos | General | General | En catalogación | 07.02.2012 | LF1 | xxx xxx | 36960-10 | 25.06.2020 | 25.06.2020 | Préstamo en sala | |||||
| Monografías: Libros y Folletos | General | General | Orden iniciada | 07.02.2012 | LF1 | xxx xxx | 36961-10 | 25.06.2020 | 25.06.2020 | No se presta |
